Modern Japan : Aspects of history, literature and society
Gorde:
| Formatua: | Liburua |
|---|---|
| Hizkuntza: | Undetermined |
| Argitaratua: |
Tokyo, Japan
Charles E. Tuttle Co.
1976
|
| Etiketak: |
Etiketa erantsi
Etiketarik gabe, Izan zaitez lehena erregistro honi etiketa jartzen!
|
| Thư viện lưu trữ: | Trung tâm Học liệu Trường Đại học Cần Thơ |
|---|
| LEADER | 00491nam a2200181Ia 4500 | ||
|---|---|---|---|
| 001 | CTU_113245 | ||
| 008 | 210402s9999 xx 000 0 und d | ||
| 020 | |c 136000 | ||
| 082 | |a 952.03 | ||
| 082 | |b M691 | ||
| 245 | 0 | |a Modern Japan : | |
| 245 | 0 | |b Aspects of history, literature and society | |
| 245 | 0 | |c Edited by W. G. Beasley | |
| 260 | |a Tokyo, Japan | ||
| 260 | |b Charles E. Tuttle Co. | ||
| 260 | |c 1976 | ||
| 904 | |i Minh | ||
| 980 | |a Trung tâm Học liệu Trường Đại học Cần Thơ | ||